000 01621nam a2200421 i 4500
001 40978
003 KOSZ 005
005 20240405063134.0
008 020507s2002 pl a g 001 0 pol
040 _aKOSZ 005
_cKOSZ 005/RW
080 _a355.33/.34(438)"19"
080 _a:929-052
100 1 _aJaracz, Andrzej.
_eAutor
245 1 0 _aGenerał Witold Dzierżykraj-Morawski 1895-1944 /
_cAndrzej Jaracz ; Politechnika Koszalińska.
260 _aKoszalin :
_bWydawnictwo Uczelniane Politechniki Koszalińskiej,
_c2002.
300 _a231, [20] stron :
_bilustracje ;
_c24 cm.
336 _aTekst
_btxt
_2rdacontent
337 _aBez urządzenia pośredniczącego
_bn
_2rdamedia
338 _aWolumin
_bnc
_2rdacarrier
380 _aKsiążki
380 _aPublikacje naukowe
490 1 _aMonografia
_x0239-7129 ;
_vnr 87
504 _aBibliografia na stronach [209]-221. Indeks.
600 1 4 _aDzierżykraj-Morawski, Witold
_d (1895-1944).
658 _aHistoria
658 _aBezpieczeństwo i wojskowość
648 4 _a1801-1900
648 4 _a1901-2000
651 4 _aPolska
655 4 _aMonografia
650 4 _aWojsko
655 4 _aBiografia
710 2 _aPolitechnika Koszalińska.
_bWydawnictwo Uczelniane.
_4pbl.
856 _uhttp://dlibra.tu.koszalin.pl/dlibra/docmetadata?id=101&from=&dirids=1&ver_id=&lp=1&QI=
_yBiblioteka Cyfrowa
856 _uhttp://koha.tu.koszalin.pl/cgi-bin/koha/opac-detail.pl?biblionumber=40978
_yKatalog online BPK
830 _aMonografie - Politechnika Koszalińska
942 _2UKD
_cKS
999 _c40978
_d40978